[Event "Int. Stuttgarter Stadtmeisterschaft B"]
[Site "Ditzingen"]
[Date "2012.05.19"]
[Round "6.49"]
[White "Giugno, Carmelo"]
[Black "Sigmund, Wolfgang"]
[Result "1-0"]
[WhiteElo "1511"]
[BlackElo "1540"]
[PlyCount "89"]
[EventDate "2012.??.??"]

1. d4 d5 2. c4 c6 3. Nc3 Nf6 4. Nf3 e6 5. Bg5 Be7 6. e3 Nbd7 7. Bd3 O-O 8. O-O
h6 9. Bh4 Re8 10. c5 b6 11. b4 Nh5 12. Bxe7 Qxe7 13. Nd2 Nhf6 14. f4 a5 15. a3
Ba6 16. Bxa6 Rxa6 17. b5 cxb5 18. Nxb5 Nb8 19. Rc1 Rc8 20. Nd6 Rc7 21. g4 Ne8
22. Nb5 Rc6 23. e4 bxc5 24. exd5 exd5 25. Re1 Re6 26. dxc5 Rxe1+ 27. Qxe1 Re6
28. Qg3 Re3 29. Nf3 Rb3 30. Qe1 Re3 31. Qf1 Kf8 32. Ne5 Nd7 33. Qf2 Rb3 34. Nd6
Nxd6 35. cxd6 Qxd6 36. Rc8+ Ke7 37. Nc6+ Kf6 38. g5+ hxg5 39. fxg5+ Kxg5 40.
Qg2+ Kf4 41. Qd2+ Re3 42. Qf2+ Rf3 43. Qh4+ Kf5 44. Nd4+ Kg6 45. Qg4+ 1-0

[Event "Int. Stuttgarter Stadtmeisterschaft B"]
[Site "Ditzingen"]
[Date "2012.05.19"]
[Round "6.50"]
[White "Malheur, Lothar"]
[Black "Burkhardt, Adrian"]
[Result "0-1"]
[WhiteElo "1376"]
[BlackElo "1709"]
[PlyCount "48"]
[EventDate "2012.??.??"]

1. d4 e6 2. c4 d5 3. cxd5 exd5 4. Nc3 Be6 5. Nf3 h6 6. Bf4 c5 7. Nb5 Qa5+ 8.
Bd2 Qxb5 9. e4 Qb6 10. exd5 Bxd5 11. Ne5 Nf6 12. a4 cxd4 13. a5 Qc7 14. Qe2 Be7
15. Rc1 Qd8 16. Qb5+ Nc6 17. Bc4 Bxc4 18. Rxc4 O-O 19. a6 Nxe5 20. axb7 Nxc4
21. Qxc4 Rb8 22. Qc6 Qb6 23. Qf3 Qxb7 24. Qd3 Qe4+ 0-1

[Event "Int. Stuttgarter Stadtmeisterschaft B"]
[Site "Ditzingen"]
[Date "2012.05.19"]
[Round "6.51"]
[White "Tsybulevsky, Juri"]
[Black "Lin, Jean-Claude"]
[Result "0-1"]
[WhiteElo "1676"]
[BlackElo "1382"]
[PlyCount "78"]
[EventDate "2012.??.??"]

1. d4 Nf6 2. c4 c5 3. e3 cxd4 4. exd4 g6 5. g3 e6 6. Bg2 Bg7 7. Nf3 O-O 8. O-O
Na6 9. Be3 Nc7 10. Nbd2 Rb8 11. Rc1 b6 12. b4 Bb7 13. c5 Ncd5 14. Nc4 Nxb4 15.
Bf4 Nxa2 16. Ra1 Bd5 17. Qc2 Nb4 18. Qb1 bxc5 19. Bxb8 Qxb8 20. Nce5 d6 21. Nd3
Be4 22. Nfe1 Bxd3 23. Nxd3 Nxd3 24. Qxd3 Nd7 25. Rab1 Qd8 26. dxc5 Nxc5 27. Qa3
a5 28. Rfd1 Qc7 29. Rb5 a4 30. Rdb1 Bd4 31. Rc1 Qa7 32. Rcb1 Nb3 33. Qb4 Bxf2+
34. Kh1 Bc5 35. Rb7 Bxb4 36. Rxa7 Bc5 37. Rxa4 Nd4 38. h3 Ne2 39. Kh2 Nc3 0-1

[Event "Int. Stuttgarter Stadtmeisterschaft B"]
[Site "Ditzingen"]
[Date "2012.05.19"]
[Round "6.52"]
[White "Ludwig, Siegfried"]
[Black "Weisensel, Wolfgang"]
[Result "0-1"]
[WhiteElo "1674"]
[BlackElo "1685"]
[PlyCount "66"]
[EventDate "2012.??.??"]

1. e4 c5 2. Bc4 e6 3. Nf3 d6 4. d4 cxd4 5. Nxd4 a6 6. Nf3 Qc7 7. b3 Nf6 8. Nc3
b5 9. Bxb5+ axb5 10. Qd3 Bd7 11. O-O b4 12. Nd1 Qb7 13. Re1 Bc6 14. Bb2 Bxe4
15. Qe2 Bxf3 16. gxf3 Be7 17. Ne3 O-O 18. Ng4 Nbd7 19. f4 Rfe8 20. f3 Nxg4 21.
fxg4 Qb6+ 22. Kh1 Bf6 23. Bxf6 Nxf6 24. g5 Nd5 25. f5 Nc3 26. Qg2 exf5 27. Re7
Ne4 28. Rxe8+ Rxe8 29. Re1 Qf2 30. Re2 Qxg2+ 31. Kxg2 Kf8 32. h4 Nc3 33. Rd2
Ne2 {restliche Notation unvollstaendig/fehlerhaft, 0:1 im 60. (?) Zug} 0-1

[Event "Int. Stuttgarter Stadtmeisterschaft B"]
[Site "Ditzingen"]
[Date "2012.05.19"]
[Round "6.54"]
[White "Kalwei, Reinhard"]
[Black "Baric, Andrej"]
[Result "0-1"]
[WhiteElo "1491"]
[BlackElo "1674"]
[PlyCount "42"]
[EventDate "2012.??.??"]

1. e4 c6 2. d4 d5 3. e5 Bf5 4. Bd3 Bxd3 5. Qxd3 e6 6. c4 Bb4+ 7. Bd2 Bxd2+ 8.
Nxd2 Ne7 9. Ngf3 Nd7 10. O-O O-O 11. Rac1 Ng6 12. g3 f6 13. cxd5 cxd5 14. exf6
Nxf6 15. Rfe1 Rc8 16. Ng5 Rxc1 17. Rxc1 Qd6 18. Re1 e5 19. dxe5 Nxe5 20. Nge4
Nxe4 21. Rxe4 Nxd3 0-1

[Event "Int. Stuttgarter Stadtmeisterschaft B"]
[Site "Ditzingen"]
[Date "2012.05.19"]
[Round "6.55"]
[White "Steinhart, Matthias"]
[Black "Beutler, Kevin"]
[Result "1/2-1/2"]
[WhiteElo "1771"]
[BlackElo "1585"]
[PlyCount "50"]
[EventDate "2012.??.??"]

1. e4 c5 2. Nf3 Nc6 3. d4 cxd4 4. Nxd4 Nf6 5. Nc3 e5 6. Ndb5 d6 7. Nd5 Nxd5 8.
exd5 Ne7 9. c3 a6 10. Qa4 Kd7 11. Na3+ Kc7 12. Be3 Kb8 13. c4 Bd7 14. Qb4 Nf5
15. Bb6 Qh4 16. Be2 Be7 17. O-O Qg5 18. c5 dxc5 19. Bxc5 Bxc5 20. Qxc5 Rc8 21.
Qb4 Nd4 22. Qd6+ Rc7 23. Rfe1 Bh3 24. g3 Qe7 25. Qxe7 Rxe7 1/2-1/2

[Event "Int. Stuttgarter Stadtmeisterschaft B"]
[Site "Ditzingen"]
[Date "2012.05.19"]
[Round "6.56"]
[White "Recker, Martin"]
[Black "Engelhardt, Frank"]
[Result "1-0"]
[WhiteElo "1864"]
[BlackElo "1892"]
[PlyCount "105"]
[EventDate "2012.??.??"]

1. d4 d5 2. Nf3 Nf6 3. g3 e6 4. Bg2 c5 5. O-O Nc6 6. b3 b6 7. c4 Ba6 8. cxd5
exd5 9. Bb2 Rc8 10. Nc3 Be7 11. dxc5 d4 12. Na4 b5 13. Nxd4 Nxd4 14. Bxd4 bxa4
15. b4 O-O 16. a3 Bb5 17. Ra2 Qc7 18. Qa1 Rfd8 19. Bh3 Bd7 20. Bg2 Bc6 21. Bh3
Bd7 22. Bg2 Be6 23. Rc2 Bb3 24. Rcc1 Qd7 25. e3 Bd5 26. f3 Ne8 27. Rfd1 Bb3 28.
Rd2 Qc6 29. f4 Bd5 30. Bh3 Rb8 31. Be5 Rb7 32. Rcd1 f6 33. Bd6 Nxd6 34. Rxd5
Nf7 35. Rxd8+ Nxd8 36. Bg2 Qb5 37. Qa2+ Kf8 38. Bxb7 Qxb7 39. Qd5 Nc6 40. Qe6
Qb5 41. Qc8+ Kf7 42. Qd7 a5 43. bxa5 Qxc5 44. Qd5+ Qxd5 45. Rxd5 Bxa3 46. a6
Ke6 47. Ra5 Nxa5 48. a7 Bb4 49. a8=Q a3 50. Qa6+ Ke7 51. Qb5 Bd2 52. Qc5+ Ke8
53. Qxa3 1-0

[Event "Int. Stuttgarter Stadtmeisterschaft B"]
[Site "Ditzingen"]
[Date "2012.05.20"]
[Round "7.1"]
[White "Schmidt, Max"]
[Black "Kim, Vladimir"]
[Result "1-0"]
[WhiteElo "1879"]
[BlackElo "1826"]
[PlyCount "81"]
[EventDate "2012.??.??"]

1. e4 c5 2. Nf3 Nc6 3. d4 cxd4 4. Nxd4 d6 5. c4 a6 6. Nc3 g6 7. Be3 Bg7 8. Qd2
Nf6 9. f3 O-O 10. Be2 Bd7 11. O-O Rc8 12. Rac1 Nh5 13. Rfe1 Nxd4 14. Bxd4 Bxd4+
15. Qxd4 Nf4 16. Bf1 Qa5 17. Nd5 Nxd5 18. exd5 e5 19. dxe6 Bxe6 20. a3 Qc5 21.
Red1 Rfd8 22. b4 Qxd4+ 23. Rxd4 b5 24. c5 dxc5 25. Rxd8+ Rxd8 26. Rxc5 Rd6 27.
Kf2 Kf8 28. Ke3 Ke7 29. Bd3 Kd7 30. g3 Rc6 31. Rxc6 Kxc6 32. Kd4 f5 33. Ke5 Bd7
34. Bc2 Be8 35. Bb3 h6 36. Bd5+ Kc7 37. Kf6 Kd6 38. Bf7 Bxf7 39. Kxf7 g5 40.
Kg6 Ke5 41. Kxh6 1-0

[Event "Int. Stuttgarter Stadtmeisterschaft B"]
[Site "Ditzingen"]
[Date "2012.05.20"]
[Round "7.2"]
[White "Dölker, Kai"]
[Black "Hamm, Julian"]
[Result "1-0"]
[WhiteElo "1865"]
[BlackElo "1695"]
[PlyCount "81"]
[EventDate "2012.??.??"]

1. f4 d5 2. Nf3 c5 3. e3 Nf6 4. b3 Nc6 5. Bb5 Bd7 6. Bb2 e6 7. O-O g6 8. d3 Bg7
9. Nbd2 O-O 10. Bxc6 Bxc6 11. Ne5 Qc7 12. Rf3 Nd7 13. Nxd7 Qxd7 14. Bxg7 Kxg7
15. Qe2 f5 16. Rf2 Rae8 17. Nf3 d4 18. Ne5 Qd5 19. Nxc6 bxc6 20. e4 Qd7 21. Qd2
Qc7 22. Re1 fxe4 23. dxe4 Rf7 24. Ref1 Ref8 25. g4 h6 26. Kh1 e5 27. f5 g5 28.
Kg2 Kf6 29. h4 Rh7 30. Rh1 Rg8 31. Kf3 h5 32. gxh5 g4+ 33. Kg3 Rxh5 34. Rfh2
Qg7 35. Qa5 Qh6 36. Qd2 Qg7 37. a3 Qf7 38. Qe2 Qe7 39. Qa6 Qc7 40. Qc4 Rg7 41.
Qe6# 1-0

[Event "Int. Stuttgarter Stadtmeisterschaft B"]
[Site "Ditzingen"]
[Date "2012.05.20"]
[Round "7.3"]
[White "Baumeister, Jürgen"]
[Black "Hartmann, Lorenz"]
[Result "1/2-1/2"]
[WhiteElo "1850"]
[BlackElo "1887"]
[PlyCount "111"]
[EventDate "2012.??.??"]

1. Nc3 g6 2. e4 Bg7 3. d4 d6 4. Be3 Nf6 5. h3 c6 6. Qd2 b5 7. Bd3 a5 8. Bh6 O-O
9. g4 b4 10. Nce2 Ba6 11. Ng3 Bxd3 12. cxd3 e5 13. dxe5 dxe5 14. Bxg7 Kxg7 15.
Nf3 Qe7 16. Qg5 Qd8 17. Nxe5 Ra6 18. h4 Nbd7 19. h5 Nxe5 20. Qxe5 Re8 21. Qg5
c5 22. Nf5+ Kh8 23. hxg6 fxg6 24. Qxg6 Ra7 25. O-O-O Rg8 26. Qh6 Nxg4 27. Qf4
Qg5 28. Qxg5 Rxg5 29. Rdg1 Nxf2 30. Rxg5 Nxh1 31. Rg2 Ra6 32. Kd2 Rg6 33. Rxg6
hxg6 34. Nd6 Kg7 35. Ke3 Kf6 36. Nb7 g5 37. Kf3 g4+ 38. Kg2 Ke5 39. Nxc5 Kd4
40. Nb3+ Ke3 41. e5 Nf2 42. Nc5 Nh3 43. Kg3 Nf4 44. Kxg4 Nd5 45. e6 Kd4 46.
Nb3+ Kxd3 47. Kf5 Kc2 48. Nxa5 Kxb2 49. Ke5 Ne7 50. Kd6 Nf5+ 51. Kd7 Kxa2 52.
Kc7 Ka3 53. Kb6 Ka4 54. Ka6 Ne7 55. Nc4 b3 56. Nb2+ 1/2-1/2

[Event "Int. Stuttgarter Stadtmeisterschaft B"]
[Site "Ditzingen"]
[Date "2012.05.20"]
[Round "7.4"]
[White "Nusser, Jens"]
[Black "Schömbs, Oliver"]
[Result "1-0"]
[WhiteElo "1823"]
[BlackElo "1865"]
[PlyCount "101"]
[EventDate "2012.??.??"]

1. d4 Nf6 2. c4 g6 3. Nc3 Bg7 4. e4 d6 5. f4 O-O 6. Nf3 c5 7. d5 b5 8. cxb5 a6
9. a4 Bb7 10. Bc4 Qb6 11. a5 Qd8 12. b6 Nfd7 13. O-O Nxb6 14. axb6 Qxb6 15. Qb3
Qa7 16. Bd2 Nd7 17. Na4 Rfb8 18. Qc2 a5 19. Bc3 f6 20. Rfe1 Ba6 21. Qe2 Bxc4
22. Qxc4 Rb7 23. e5 fxe5 24. fxe5 Nxe5 25. Nxe5 Bxe5 26. Bxe5 Rb4 27. Qe2 c4+
28. Kh1 dxe5 29. Qxe5 Rf8 30. Rf1 Rf2 31. Rxf2 Qxf2 32. Qxe7 Rb3 33. Re1 Rd3
34. Nc3 Rd2 35. Qe6+ Kg7 36. Qe5+ Kg8 37. Qe8+ Kg7 38. Qe7+ Kg8 39. Qe6+ Kg7
40. Qe5+ Kg8 41. Qe4 Rd4 42. Qe2 Qf6 43. Qe8+ Kg7 44. Qe5 a4 45. Qxf6+ Kxf6 46.
Rd1 Rd3 47. Kg1 a3 48. Rxd3 cxd3 49. bxa3 Ke5 50. d6 Kxd6 51. Kf2 1-0

[Event "Int. Stuttgarter Stadtmeisterschaft B"]
[Site "Ditzingen"]
[Date "2012.05.20"]
[Round "7.5"]
[White "Engelhardt, Frank"]
[Black "Reichardt, Bernd"]
[Result "1/2-1/2"]
[WhiteElo "1892"]
[BlackElo "1816"]
[PlyCount "140"]
[EventDate "2012.??.??"]

1. Nf3 d5 2. d4 Nf6 3. c4 e6 4. Bg5 Be7 5. Nc3 O-O 6. e3 h6 7. Bh4 c6 8. Rc1
Ne8 9. Bxe7 Qxe7 10. Bd3 Nd7 11. O-O f5 12. cxd5 exd5 13. Qc2 Nd6 14. Nd2 Ne4
15. Bxe4 fxe4 16. Ne2 Nf6 17. Ng3 Ng4 18. h3 Nf6 19. Nb3 h5 20. Qe2 h4 21. Nh5
Nxh5 22. Qxh5 Rf5 23. Qe2 Rg5 24. f4 Rg3 25. Kh2 Bf5 26. Rf2 Rf8 27. Nd2 Rf6
28. Nf1 Rgg6 29. Qe1 Rh6 30. Rfc2 Qc7 31. Kh1 Qd7 32. Nh2 Rfg6 33. a4 Rg3 34.
Nf1 Rgg6 35. b4 Bxh3 36. gxh3 Qxh3+ 37. Nh2 Rg3 38. Qf1 Rxe3 39. Qxh3 Rxh3 40.
Rc3 Rg3 41. b5 Rxc3 42. Rxc3 Rf6 43. bxc6 bxc6 44. f5 Rxf5 45. Rxc6 e3 46. Re6
Rf4 47. Rxe3 Rxd4 48. a5 Ra4 49. Nf3 Rxa5 50. Nxh4 Kf7 51. Kg2 Kf6 52. Nf3 Ra4
53. Rd3 Ke6 54. Kf2 a5 55. Ke3 Rb4 56. Nd4+ Kd7 57. Kd2 a4 58. Nc2 Rb5 59. Ke3
Rb3 60. Nd4 Rxd3+ 61. Kxd3 g5 62. Kc3 Kd6 63. Kb4 g4 64. Kxa4 Ke5 65. Ne2 Ke4
66. Kb3 Ke3 67. Ng3 d4 68. Kc2 d3+ 69. Kd1 Kf2 70. Nf5 g3 1/2-1/2

[Event "Int. Stuttgarter Stadtmeisterschaft B"]
[Site "Ditzingen"]
[Date "2012.05.20"]
[Round "7.6"]
[White "Hamm, Lukas"]
[Black "Bälz, Jürgen"]
[Result "1-0"]
[WhiteElo "1890"]
[BlackElo "1795"]
[PlyCount "43"]
[EventDate "2012.??.??"]

1. e4 c6 2. d4 d5 3. exd5 cxd5 4. Bd3 Nc6 5. c3 Qc7 6. Ne2 g6 7. Nd2 Bg7 8. Nf3
Nf6 9. Ng3 O-O 10. O-O Bd7 11. Re1 e6 12. h4 Ne7 13. h5 gxh5 14. Ne5 h4 15. Nh5
Nxh5 16. Qxh5 Ng6 17. Bg5 f6 18. Nxg6 hxg6 19. Bxg6 Rfc8 20. Qh7+ Kf8 21. Bh6
Be8 22. Qh8+ 1-0

[Event "Int. Stuttgarter Stadtmeisterschaft B"]
[Site "Ditzingen"]
[Date "2012.05.20"]
[Round "7.7"]
[White "Wohlfahrt, Michael"]
[Black "Mavropoulos, Georgios"]
[Result "0-1"]
[WhiteElo "1767"]
[BlackElo "1872"]
[PlyCount "150"]
[EventDate "2012.??.??"]

1. e4 c5 2. Nf3 e6 3. Nc3 a6 4. a4 b6 5. d3 Bb7 6. Bf4 d6 7. Be2 Nc6 8. O-O Nf6
9. Re1 Be7 10. Bf1 O-O 11. g3 e5 12. Bd2 Re8 13. Nh4 d5 14. exd5 Nxd5 15. Nxd5
Qxd5 16. Bg2 Qd7 17. Nf3 Bf6 18. Ng5 Nd4 19. Ne4 Be7 20. f3 Rad8 21. b3 h6 22.
c3 Nc6 23. Nf2 b5 24. axb5 axb5 25. Be3 Qf5 26. Rb1 b4 27. g4 Qg6 28. Ne4 bxc3
29. Bxc5 Nb4 30. Bxb4 Bxb4 31. Qc2 Rc8 32. h3 Qb6+ 33. Kh2 Red8 34. Red1 Ba6
35. Bf1 Qe3 36. Kg2 g6 37. Ra1 Bb5 38. Nf2 Bc6 39. Ne4 Bxe4 40. dxe4 Bc5 41.
Bc4 Rd2+ 42. Rxd2 cxd2 43. Rf1 Ra8 44. Qd3 Ra2 45. Kh1 Bd4 46. Qxe3 Bxe3 47.
Rd1 Rc2 48. Be2 Rb2 49. Bc4 Kf8 50. Kg2 Rc2 51. Kf1 Rc1 52. Ke2 Bf4 53. b4 Ke7
54. Bd3 Kd6 55. Bb5 Kc7 56. Be8 Kb6 57. Bxf7 Kb5 58. Bxg6 Kxb4 59. Be8 Kc3 60.
Bb5 Kb4 61. Bd3 Kc5 62. h4 Kd6 63. g5 hxg5 64. hxg5 Bxg5 65. Rxd2 Bxd2 66. Kxd2
Ra1 67. Ke3 Ra3 68. Kd2 Kc5 69. Ke3 Rb3 70. Kd2 Kd4 71. Be2 Rb2+ 72. Ke1 Ke3
73. Bd1 Rb1 74. f4 exf4 75. e5 f3 0-1

[Event "Int. Stuttgarter Stadtmeisterschaft B"]
[Site "Ditzingen"]
[Date "2012.05.20"]
[Round "7.8"]
[White "Helfrich, Leo"]
[Black "Bried, Martin"]
[Result "0-1"]
[WhiteElo "1871"]
[BlackElo "1756"]
[PlyCount "118"]
[EventDate "2012.??.??"]

1. d4 e6 2. Nf3 Nf6 3. Bf4 b6 4. e3 Bb7 5. Nbd2 d6 6. c3 Be7 7. Qb3 O-O 8. h3
Nbd7 9. O-O-O a5 10. g4 c5 11. Rg1 a4 12. Qc2 cxd4 13. exd4 a3 14. b3 Rc8 15.
Be3 Qc7 16. Bb5 Qxc3 17. Qxc3 Rxc3+ 18. Kb1 Bc6 19. Bxc6 Rxc6 20. Nc4 d5 21.
Nce5 Nxe5 22. Nxe5 Rc7 23. f3 Rfc8 24. Rc1 Ne8 25. Rxc7 Rxc7 26. Rc1 Rxc1+ 27.
Kxc1 Nd6 28. Nc6 Bf8 29. Kc2 Nb5 30. b4 Nd6 31. Kb3 g6 32. Bc1 Nc4 33. Ne5 Nxe5
34. dxe5 b5 35. g5 Be7 36. f4 Kf8 37. Kxa3 Ke8 38. Kb3 Kd7 39. a3 Kc6 40. Kc3
Bd8 41. Kd3 Bb6 42. Ke2 d4 43. Kd3 Kd5 44. a4 bxa4 45. Ba3 Ba7 46. Bb2 Kc6 47.
Kc4 d3 48. Bc1 Bf2 49. Bd2 a3 50. Kb3 Kb5 51. Kxa3 Kc4 52. Ka4 Bd4 53. b5 Bb6
54. Be1 Be3 55. Ka5 d2 56. Bxd2 Bxd2+ 57. Ka6 Bxf4 58. b6 Bxe5 59. b7 Bb8 0-1

[Event "Int. Stuttgarter Stadtmeisterschaft B"]
[Site "Ditzingen"]
[Date "2012.05.20"]
[Round "7.10"]
[White "Hartmann, Anatoli"]
[Black "Pudmensky, Stefan"]
[Result "0-1"]
[WhiteElo "1701"]
[BlackElo "1853"]
[PlyCount "130"]
[EventDate "2012.??.??"]

1. d4 Nf6 2. Bf4 d5 3. e3 e6 4. Nf3 Bd6 5. Bxd6 Qxd6 6. Nbd2 Nbd7 7. c4 c6 8.
c5 Qc7 9. b4 e5 10. dxe5 Nxe5 11. Be2 Bg4 12. O-O Bxf3 13. Nxf3 Nxf3+ 14. Bxf3
O-O 15. Qc2 Rae8 16. Rad1 Ne4 17. g3 f5 18. Rd4 Re6 19. a4 Qe7 20. b5 Nxc5 21.
bxc6 bxc6 22. Rb1 Ne4 23. Rdb4 Rc8 24. Rb7 Rc7 25. Rb8+ Kf7 26. Rh8 Kg6 27. h4
Rb7 28. Rc1 Qf6 29. Bxe4 fxe4 30. Qc5 Rb2 31. Rf1 Qe7 32. Qd4 Rb4 33. Qd1 Kh6
34. Qg4 g6 35. Rc8 Qf6 36. Rf8 Qxf8 37. Qxe6 Rc4 38. Qd7 Qg7 39. Qg4 Qf6 40.
Qd7 a5 41. g4 Qxh4 42. Qe6 Kg5 43. Qf7 Qxg4+ 44. Kh2 Qf3 45. Qg7 Qh5+ 46. Kg1
Kg4 47. Qd7+ Qf5 48. Qxh7 Rxa4 49. Kg2 Qf3+ 50. Kh2 Kf5 51. Qd7+ Kg5 52. Qd8+
Qf6 53. Rg1+ Kf5 54. Qd7+ Ke5 55. Qc7+ Qd6 56. Rg5+ Ke6+ 57. Qxd6+ Kxd6 58.
Rxg6+ Kd7 59. Rg8 Ra2 60. Kg2 a4 61. Rg7+ Kd6 62. Rg8 a3 63. Kf1 Ra1+ 64. Ke2
a2 65. Kd2 Rf1 0-1

[Event "Int. Stuttgarter Stadtmeisterschaft B"]
[Site "Ditzingen"]
[Date "2012.05.20"]
[Round "7.11"]
[White "Lebeda, Lukas"]
[Black "Viehoff, Jürgen"]
[Result "0-1"]
[WhiteElo "1672"]
[BlackElo "1848"]
[PlyCount "94"]
[EventDate "2012.??.??"]

1. c4 c5 2. Nf3 Nf6 3. d4 cxd4 4. Nxd4 Nc6 5. Nc3 d6 6. g3 g6 7. Bg2 Bd7 8. O-O
Bg7 9. e3 O-O 10. b3 a6 11. Bb2 Rc8 12. Qd2 Qc7 13. Rac1 Qb8 14. Nd5 Nxd5 15.
cxd5 Nxd4 16. Bxd4 Bb5 17. Bxg7 Kxg7 18. Rxc8 Rxc8 19. Rc1 Kg8 20. Bh3 Rc5 21.
Rxc5 dxc5 22. a4 Be8 23. Qc3 Qd6 24. e4 b5 25. axb5 axb5 26. f4 Qb6 27. Qe3 Qc7
28. e5 Kf8 29. Qd3 c4 30. bxc4 Qc5+ 31. Kf1 bxc4 32. Qc3 Qxd5 33. Bg2 Qc5 34.
h4 e6 35. Be4 h5 36. Ke2 Bb5 37. Kd2 Ba4 38. Bc2 Qf2+ 39. Kd1 Bxc2+ 40. Qxc2
Qxg3 41. Qxc4 Qxh4 42. Qb4+ Kg7 43. Kd2 Qf2+ 44. Kd1 h4 45. Qe7 Qf1+ 46. Kc2
Qxf4 47. Kd3 h3 0-1

[Event "Int. Stuttgarter Stadtmeisterschaft B"]
[Site "Ditzingen"]
[Date "2012.05.20"]
[Round "7.12"]
[White "Su, Jahn"]
[Black "Issaad, Pascal"]
[Result "1-0"]
[WhiteElo "1545"]
[BlackElo "1828"]
[PlyCount "41"]
[EventDate "2012.??.??"]

1. e4 Nf6 2. Nc3 d5 3. exd5 Nxd5 4. Nxd5 Qxd5 5. Nf3 e5 6. d3 Nc6 7. Be2 Be6 8.
O-O O-O-O 9. Ng5 Bd7 10. Bf3 Qd6 11. Nxf7 Qf6 12. Nxh8 Bd6 13. Bg5 Qxg5 14. Nf7
Qf6 15. Nxd8 Nxd8 16. Bg4 Ne6 17. Qf3 Qe7 18. Bxe6 Bxe6 19. Rfe1 Qd7 20. c4 c5
21. Qe3 1-0

[Event "Int. Stuttgarter Stadtmeisterschaft B"]
[Site "Ditzingen"]
[Date "2012.05.20"]
[Round "7.13"]
[White "Krämer, Heinz"]
[Black "Rühl, Volker"]
[Result "0-1"]
[WhiteElo "1699"]
[BlackElo "1842"]
[PlyCount "56"]
[EventDate "2012.??.??"]

1. e4 e5 2. Nf3 Nc6 3. Bb5 Nge7 4. c3 a6 5. Ba4 b5 6. Bc2 Ng6 7. O-O Be7 8. d3
O-O 9. Be3 d6 10. Nbd2 Kh8 11. d4 f5 12. exf5 Bxf5 13. d5 Bxc2 14. Qxc2 Nb8 15.
a4 c6 16. dxc6 Nxc6 17. axb5 axb5 18. Ne4 Rxa1 19. Rxa1 Nf4 20. Ra6 Qc8 21.
Neg5 g6 22. Rb6 Bxg5 23. Nxg5 Nd5 24. Rxb5 Nxe3 25. fxe3 Qa6 26. h4 Qxb5 27. e4
Qf1+ 28. Kh2 Rf2 0-1

[Event "Int. Stuttgarter Stadtmeisterschaft B"]
[Site "Ditzingen"]
[Date "2012.05.20"]
[Round "7.14"]
[White "Zaytsev, Evgeny"]
[Black "Stoll, Katja"]
[Result "1/2-1/2"]
[WhiteElo "1768"]
[BlackElo "1645"]
[PlyCount "120"]
[EventDate "2012.??.??"]

1. e4 e5 2. Nf3 Nf6 3. Nxe5 d6 4. Nf3 Nxe4 5. d3 Nf6 6. Nc3 d5 7. Be2 Be7 8.
O-O O-O 9. Re1 Bf5 10. Nd4 Bg6 11. Bf4 Bd6 12. Qd2 a6 13. Bf3 c5 14. Nb3 Bxf4
15. Qxf4 b6 16. Qg5 h6 17. Qh4 Nc6 18. Re2 Rc8 19. Rae1 d4 20. Ne4 Nxe4 21.
Qxd8 Rcxd8 22. Bxe4 Bxe4 23. Rxe4 Nb4 24. a3 Nd5 25. g3 f6 26. Nd2 Kf7 27. Kg2
Rfe8 28. Kf3 f5 29. Re5 Rxe5 30. Rxe5 Kf6 31. Re1 Kf7 32. h3 Rd6 33. Re5 g6 34.
h4 Nf6 35. Nc4 Rc6 36. Rxf5 gxf5 37. Ne5+ Ke6 38. Nxc6 Ng4 39. Nb8 a5 40. Na6
Kd6 41. b4 axb4 42. axb4 Kc6 43. bxc5 bxc5 44. Kf4 Nxf2 45. Kxf5 Kb6 46. Nb8
Kc7 47. g4 Nh3 48. g5 Nxg5 49. Kg6 Kxb8 50. Kxh6 Ne6 51. Kg6 Kc7 52. Kf6 Nf4
53. Kg5 Ne6+ 54. Kf5 Kd6 55. Ke4 Ng7 56. Kf4 Kd5 57. Kg5 c4 58. h5 Nxh5 59.
Kxh5 cxd3 60. cxd3 Kc5 1/2-1/2

[Event "Int. Stuttgarter Stadtmeisterschaft B"]
[Site "Ditzingen"]
[Date "2012.05.20"]
[Round "7.15"]
[White "Piskaykin, Bogdan"]
[Black "Tönjes, Jürgen"]
[Result "1/2-1/2"]
[WhiteElo "1560"]
[BlackElo "1753"]
[PlyCount "86"]
[EventDate "2012.??.??"]

1. e4 d5 2. exd5 Qxd5 3. Nc3 Qa5 4. d4 Nf6 5. Bc4 c6 6. Nf3 Bf5 7. O-O e6 8. a3
Be7 9. Rb1 O-O 10. b4 Qc7 11. Re1 Re8 12. Ne5 Nbd7 13. Nxd7 Qxd7 14. f3 Nd5 15.
Nxd5 exd5 16. Bd3 Bf6 17. Bb2 Rxe1+ 18. Qxe1 Bxd3 19. cxd3 Re8 20. Qd2 Qe6 21.
Kf2 h6 22. Re1 Qxe1+ 23. Qxe1 Rxe1 24. Kxe1 g5 25. g4 Kg7 26. Kf2 Kg6 27. h3
Bd8 28. Bc3 Bc7 29. a4 a6 30. a5 Bf4 31. Ke2 f5 32. Kf2 Bc1 33. Kg3 f4+ 34. Kf2
Be3+ 35. Kg2 h5 36. Kh2 hxg4 37. hxg4 Kf7 38. Kg2 Ke6 39. Kf1 Kd6 40. Ke2 Kc7
41. Kd1 b6 42. Kc2 Kb7 43. Kb3 b5 1/2-1/2

[Event "Int. Stuttgarter Stadtmeisterschaft B"]
[Site "Ditzingen"]
[Date "2012.05.20"]
[Round "7.16"]
[White "Florio, Antonio"]
[Black "Mayer, Markus"]
[Result "0-1"]
[WhiteElo "1737"]
[BlackElo "1599"]
[PlyCount "68"]
[EventDate "2012.??.??"]

1. c4 e5 2. g3 Nf6 3. Bg2 Be7 4. Nc3 O-O 5. d3 c6 6. Nf3 Qc7 7. O-O d6 8. Rb1
a6 9. b4 d5 10. cxd5 cxd5 11. Qb3 d4 12. Nd5 Nxd5 13. Qxd5 Nc6 14. Qc4 Be6 15.
Qc2 f6 16. Bd2 Rfc8 17. Qa4 b5 18. Qc2 Qb6 19. Qb2 Rc7 20. e3 Rac8 21. exd4
Nxd4 22. Nxd4 Qxd4 23. Qxd4 exd4 24. Rfe1 Kf7 25. Bf4 Rc2 26. Bb7 R8c3 27. Bxa6
Rxd3 28. Bxb5 Ra3 29. Be8+ Kxe8 30. Rxe6 d3 31. Rbe1 Ra7 32. b5 g5 33. b6 Rb7
34. Bc7 d2 0-1

[Event "Int. Stuttgarter Stadtmeisterschaft B"]
[Site "Ditzingen"]
[Date "2012.05.20"]
[Round "7.17"]
[White "Zimmermann, Tobias"]
[Black "Pfeilsticker, Thorsten"]
[Result "0-1"]
[WhiteElo "1736"]
[BlackElo "1591"]
[PlyCount "78"]
[EventDate "2012.??.??"]

1. e4 g6 2. d4 Bg7 3. f4 c5 4. c3 cxd4 5. cxd4 b5 6. Nf3 Bb7 7. Bd3 Nf6 8. Qe2
a6 9. O-O O-O 10. Kh1 e6 11. e5 Nd5 12. Nc3 Ne7 13. Ne4 Bc6 14. Nd6 f5 15. Bd2
Bd5 16. Bb4 Nbc6 17. Bc5 Na5 18. b4 Nb7 19. Nxb7 Bxb7 20. a4 Nd5 21. Qd2 Re8
22. axb5 Bh6 23. Ng5 axb5 24. Bxb5 Nxf4 25. Qxf4 Bxg5 26. Rxa8 Bxa8 27. Qg3 Bh4
28. Qh3 Bd5 29. Qe3 Qa8 30. Qh3 Qa2 31. Bd3 Ra8 32. Bb1 Qb2 33. b5 Ra1 34. Bd3
Rxf1+ 35. Bxf1 Qf2 36. Qd3 Be4 37. Qe2 Bxg2+ 38. Bxg2 Qxe2 39. d5 Qxb5 0-1

[Event "Int. Stuttgarter Stadtmeisterschaft B"]
[Site "Ditzingen"]
[Date "2012.05.20"]
[Round "7.18"]
[White "Cummings, Orlyn"]
[Black "Schmitz, Harald"]
[Result "1/2-1/2"]
[WhiteElo "1598"]
[BlackElo "1733"]
[PlyCount "25"]
[EventDate "2012.??.??"]

1. e4 e6 2. d3 d5 3. Nd2 c5 4. g3 Nc6 5. Bg2 Be7 6. Ne2 Nf6 7. O-O O-O 8. c3
Qc7 9. Qb3 Rd8 10. d4 cxd4 11. Nxd4 Nxd4 12. cxd4 Qa5 13. e5 1/2-1/2

[Event "Int. Stuttgarter Stadtmeisterschaft B"]
[Site "Ditzingen"]
[Date "2012.05.20"]
[Round "7.19"]
[White "Hupfer, Garlef"]
[Black "Gomer, Dieter"]
[Result "1/2-1/2"]
[WhiteElo "1685"]
[BlackElo "1565"]
[PlyCount "21"]
[EventDate "2012.??.??"]

1. e4 e5 2. Nc3 Nf6 3. f4 d5 4. fxe5 Nxe4 5. Nf3 Nxc3 6. bxc3 a6 7. d4 c5 8.
Be2 Nc6 9. O-O Be7 10. Qe1 h6 11. Qg3 1/2-1/2

[Event "Int. Stuttgarter Stadtmeisterschaft B"]
[Site "Ditzingen"]
[Date "2012.05.20"]
[Round "7.20"]
[White "Gomer, Thomas"]
[Black "Bausch, Raimund"]
[Result "1-0"]
[WhiteElo "1706"]
[BlackElo "1559"]
[PlyCount "65"]
[EventDate "2012.??.??"]

1. e4 c6 2. d4 d5 3. exd5 cxd5 4. Bd3 Nc6 5. c3 Nf6 6. Bf4 Bg4 7. Qc2 e6 8. Ne2
Bd6 9. Bg3 Bxg3 10. Nxg3 Bh5 11. Nd2 Bg6 12. Bxg6 hxg6 13. Nf3 Qc7 14. h3 g5
15. Qe2 g4 16. hxg4 Rxh1+ 17. Nxh1 Ne4 18. Qe3 Kd7 19. Ne5+ Nxe5 20. dxe5 Rh8
21. O-O-O Qxe5 22. Ng3 Ke7 23. f4 Qc7 24. Nxe4 dxe4 25. Qxe4 Rh4 26. Qb4+ Ke8
27. Qb5+ Ke7 28. Qg5+ Ke8 29. Qxh4 Qxf4+ 30. Kb1 Qe4+ 31. Ka1 f6 32. Qh8+ Kf7
33. Rd7+ 1-0